[Event "74th Noteboom Open 2014"]
[Site "Leiden NED"]
[Date "2014.02.28"]
[Round "1.2"]
[White "Beeke, Bob"]
[Black "Ikonnikov, Vyacheslav"]
[Result "1-0"]
[BlackTitle "GM"]
[WhiteElo "2254"]
[BlackElo "2580"]
[WhiteFideId "1011634"]
[BlackFideId "4100972"]
[EventDate "2014.02.28"]

1. d4 Nf6 2. c4 e6 3. Nc3 Bb4 4. e3 b6 5. Ne2 c5 6. a3 Ba5 7. Bd2 O-O 8. Nf4
cxd4 9. exd4 Bxc3 10. Bxc3 d5 11. cxd5 Nxd5 12. Nxd5 Qxd5 13. Be2 Bb7 14. Bf3
Qd7 15. h4 Bd5 16. h5 h6 17. Rh3 Nc6 18. Qd3 Bxf3 19. Qxf3 Nxd4 20. O-O-O e5 21.
Rg3 Rac8 22. Kb1 Rc6 23. Bxd4 exd4 24. Rg4 Rd6 25. Qg3 Qf5+ 26. Ka1 Qc2 27. Rd3
Qc1+ 28. Ka2 Qc4+ 29. Ka1 Re8 30. Rxg7+ Kh8 31. Rd1 Qc2 32. Rxf7 1-0

[Event "74th Noteboom Open 2014"]
[Site "Leiden NED"]
[Date "2014.02.28"]
[Round "1.3"]
[White "Van Den Doel, Erik"]
[Black "Wagenaar, Harm Theo"]
[Result "1-0"]
[WhiteTitle "GM"]
[WhiteElo "2573"]
[BlackElo "2063"]
[WhiteFideId "1003720"]
[BlackFideId "1008293"]
[EventDate "2014.02.28"]

1. b3 e5 2. Bb2 d6 3. e3 Nf6 4. d4 exd4 5. Qxd4 Be7 6. Nc3 Nc6 7. Qd2 O-O 8.
O-O-O Be6 9. e4 a5 10. Kb1 Nd7 11. Nge2 Nc5 12. Nf4 Qd7 13. Bb5 Bg5 14. Qe3 Bxf4
15. Qxf4 f6 16. Qe3 Qf7 17. f4 Rfe8 18. Ba3 Nd7 19. Qf3 Nb6 20. Nd5 f5 21. Nxb6
fxe4 22. Qe3 cxb6 23. Rxd6 Red8 1-0

[Event "74th Noteboom Open 2014"]
[Site "Leiden NED"]
[Date "2014.02.28"]
[Round "1.4"]
[White "Boulahfa, Hicham"]
[Black "Andersson, Ulf"]
[Result "0-1"]
[BlackTitle "GM"]
[WhiteElo "2097"]
[BlackElo "2544"]
[WhiteFideId "1024663"]
[BlackFideId "1700014"]
[EventDate "2014.02.28"]

1. e4 c5 2. Nc3 e6 3. Nf3 a6 4. a4 Nc6 5. d4 cxd4 6. Nxd4 Qc7 7. g3 Nf6 8. Bg2
Be7 9. O-O O-O 10. h3 d6 11. Be3 Re8 12. Qe2 Nxd4 13. Bxd4 e5 14. Be3 Be6 15.
Rfd1 Rac8 16. Rd2 Qa5 17. Rad1 Qb4 0-1

[Event "74th Noteboom Open 2014"]
[Site "Leiden NED"]
[Date "2014.02.28"]
[Round "1.5"]
[White "Rausis, Igors"]
[Black "De Graaf, Dick"]
[Result "1-0"]
[WhiteTitle "GM"]
[WhiteElo "2557"]
[BlackElo "2195"]
[WhiteFideId "11600098"]
[BlackFideId "1005677"]
[EventDate "2014.02.28"]

1. e4 g6 2. d4 Bg7 3. c3 d6 4. Nf3 c6 5. Bg5 Nd7 6. Bc4 b5 7. Bb3 Bb7 8. O-O Qc7
9. Re1 e5 10. a4 Ngf6 11. Qd3 a6 12. Nbd2 O-O 13. Bh4 Rab8 14. axb5 axb5 15. Ra7
Qb6 16. Rea1 exd4 17. cxd4 c5 18. Bc2 Rfe8 19. b4 c4 20. Qc3 d5 21. e5 Ne4 22.
Nxe4 dxe4 23. Bxe4 Bxe4 24. R1a6 Bd5 25. h3 Ra8 26. Rxb6 Nxb6 27. Qa1 Na4 28.
Ra5 Rxa5 29. bxa5 Bf8 30. Bg5 c3 31. Ne1 Rb8 32. Nc2 b4 33. Qxa4 b3 34. Ne3 b2
35. Nxd5 b1=Q+ 36. Kh2 c2 37. Qc6 Qb5 38. Nf6+ Kg7 39. Qxc2 h6 40. Bd2 Bb4 41.
Be3 Bxa5 42. Qc1 Rh8 43. Ng4 g5 44. Nf6 Bd8 45. Nh5+ Kg6 46. Qc2+ f5 47. g4 Rf8
48. gxf5+ 1-0

[Event "74th Noteboom Open 2014"]
[Site "Leiden NED"]
[Date "2014.02.28"]
[Round "1.6"]
[White "Ypma, Peter"]
[Black "Van Der Werf, Mark"]
[Result "0-1"]
[BlackTitle "IM"]
[WhiteElo "2178"]
[BlackElo "2426"]
[WhiteFideId "1027255"]
[BlackFideId "1000470"]
[EventDate "2014.02.28"]

1. e4 e5 2. Nf3 Nc6 3. Bc4 Nf6 4. O-O Nxe4 5. Qe2 Nd6 6. Bd5 Be7 7. Nxe5 Nxe5 8.
Qxe5 O-O 9. d4 Bf6 10. Qf4 g6 11. Nc3 Nf5 12. Ne4 Bg7 13. Ng5 Qf6 14. Qxc7 Nxd4
15. Qc4 d6 16. c3 Nc6 17. Ne4 Qe5 18. g3 Ne7 19. Rd1 Nxd5 20. Rxd5 Qe6 21. Bf4
b5 22. Qd3 Bb7 23. Rd1 Qxd5 24. Qxd5 Bxd5 25. Rxd5 a6 26. Nxd6 Rfd8 27. Rc5 Bf8
28. Rd5 Be7 29. Rd2 g5 30. Nf5 gxf4 31. Nxe7+ Kf8 32. Nd5 Rd6 33. b3 Rc8 34. Rd3
f3 0-1

[Event "74th Noteboom Open 2014"]
[Site "Leiden NED"]
[Date "2014.02.28"]
[Round "1.7"]
[White "Miedema, David"]
[Black "De Bruijne, Arian"]
[Result "1-0"]
[WhiteTitle "IM"]
[WhiteElo "2389"]
[BlackElo "1956"]
[WhiteFideId "1018477"]
[BlackFideId "1039946"]
[EventDate "2014.02.28"]

1. d4 Nf6 2. c4 g6 3. Nc3 Bg7 4. e4 d6 5. f3 O-O 6. Be3 Nbd7 7. Nh3 c5 8. d5 a6
9. Qd2 Re8 10. Nf2 b5 11. cxb5 axb5 12. Bxb5 Ba6 13. O-O Bxb5 14. Nxb5 Qb6 15.
a4 Reb8 16. b4 Ne8 17. Ra2 Qa6 18. bxc5 dxc5 19. Nc3 Nd6 20. Bg5 Nc4 21. Qc1 Rb3
22. Nb5 Ne3 23. Bxe3 Rxb5 24. axb5 Qxa2 25. Bxc5 Bb2 26. Qe3 Qc4 27. Bxe7 Bd4
28. Qc1 Qxb5 29. Kh1 Ra2 30. Nh3 Kg7 31. Bg5 f6 32. Bh6+ Kf7 33. Rd1 Ra1 34.
Qxa1 Bxa1 35. Rxa1 g5 36. Nf2 Qb2 37. Rf1 Ne5 38. f4 Nd3 39. Nxd3 Qe2 40. Kg1
Qxd3 41. fxg5 Qxe4 42. Rxf6+ 1-0

[Event "74th Noteboom Open 2014"]
[Site "Leiden NED"]
[Date "2014.02.28"]
[Round "1.8"]
[White "Van Der Zon, Stef"]
[Black "Kipper, Jens"]
[Result "0-1"]
[WhiteElo "1948"]
[BlackElo "2389"]
[WhiteFideId "1021451"]
[BlackFideId "4632796"]
[EventDate "2014.02.28"]

1. e4 e6 2. d4 d5 3. Nc3 Nf6 4. Bg5 Bb4 5. e5 h6 6. Bd2 Bxc3 7. bxc3 Ne4 8. Qg4
g6 9. Bd3 Nxd2 10. Kxd2 c5 11. h4 Qa5 12. dxc5 Qxc5 13. Qf4 Bd7 14. h5 g5 15.
Qf6 Qf8 16. f4 gxf4 17. Ne2 Bc6 18. Qxf4 Nd7 19. Nd4 Rg8 20. g4 Qg7 21. Nb5 Bxb5
22. Bxb5 O-O-O 23. Bxd7+ Rxd7 24. Rhg1 Rc7 25. Raf1 Kb8 26. Qf6 Qf8 27. g5 Qc5
28. Qf3 d4 29. gxh6 dxc3+ 30. Kc1 Rd8 31. Qd3 Qa3+ 32. Kd1 Rxd3+ 33. cxd3 Qxa2 0-1

[Event "74th Noteboom Open 2014"]
[Site "Leiden NED"]
[Date "2014.02.28"]
[Round "1.9"]
[White "Pijpers, Arthur"]
[Black "Schroer, Marcel"]
[Result "1/2-1/2"]
[WhiteElo "2348"]
[BlackElo "2172"]
[WhiteFideId "1019554"]
[BlackFideId "1012908"]
[EventDate "2014.02.28"]

1. e4 c5 2. Nc3 a6 3. Nf3 d6 4. d4 cxd4 5. Nxd4 Nf6 6. Bg5 e6 7. f4 h6 8. Bh4
Be7 9. Qf3 Nbd7 10. O-O-O Qc7 11. Be2 O-O 12. Rhg1 b5 13. e5 Bb7 14. exf6 Bxf3
15. fxe7 Bxe2 16. exf8=Q+ Kxf8 17. Ncxe2 Rc8 18. c3 b4 19. Rge1 bxc3 20. Nxc3
Qc4 21. Kb1 d5 22. Re2 Rb8 23. Rc2 Kg8 24. Be7 Ra8 25. Ncb5 Qa4 26. Nc7 Ra7 27.
Bd6 Rb7 28. b3 Nf6 29. Rc6 Ne4 30. Be7 Nf2 31. Rd2 Ne4 32. Rd1 Nf2 33. Rd2 Ne4 1/2-1/2

[Event "74th Noteboom Open 2014"]
[Site "Leiden NED"]
[Date "2014.02.28"]
[Round "1.20"]
[White "Peiter, Andre"]
[Black "Van Ketel, Raoul"]
[Result "0-1"]
[BlackTitle "FM"]
[WhiteElo "2076"]
[BlackElo "2254"]
[WhiteFideId "4635701"]
[BlackFideId "1004883"]
[EventDate "2014.02.28"]

1. e4 e6 2. d4 d5 3. Nc3 Nf6 4. e5 Nfd7 5. f4 c5 6. Nf3 Nc6 7. Be3 Be7 8. Qd2 b6
9. O-O-O c4 10. f5 b5 11. fxe6 fxe6 12. Bg5 Rb8 13. Bxe7 Qxe7 14. Ne2 O-O 15. h4
b4 16. c3 Nb6 17. cxb4 Nxb4 18. Nc3 Bd7 19. Re1 Na4 20. Nxa4 Bxa4 21. Kb1 Nc2 0-1

[Event "74th Noteboom Open 2014"]
[Site "Leiden NED"]
[Date "2014.02.28"]
[Round "1.21"]
[White "De Jeu, Marcel"]
[Black "Wilschut, Peter"]
[Result "1-0"]
[WhiteElo "1911"]
[BlackElo "2242"]
[WhiteFideId "1018108"]
[BlackFideId "1007165"]
[EventDate "2014.02.28"]

1. c4 e5 2. g3 Nc6 3. Bg2 g6 4. Nc3 Bg7 5. e4 d6 6. Nge2 h5 7. h4 Nh6 8. d3 O-O
9. O-O Nd4 10. Nxd4 exd4 11. Nd5 Kh7 12. Bg5 f6 13. Bd2 c6 14. Nf4 Ng4 15. Re1
Ne5 16. b4 Bg4 17. f3 Bd7 18. Qe2 Qe8 19. Bh3 Bh6 20. Bxd7 Qxd7 21. Kg2 Rae8 22.
Rf1 Re7 23. Nh3 Bg7 24. Bf4 Nf7 25. Qb2 f5 26. Nf2 Rfe8 27. b5 d5 28. cxd5 cxd5
29. Qb3 dxe4 30. fxe4 Nd6 31. Bxd6 Qxd6 32. Nh3 Bh6 33. exf5 Re2+ 34. Rf2 Rxf2+
35. Nxf2 Rf8 36. Qe6 Rf6 37. fxg6+ Kxg6 38. Qg8+ Bg7 39. Ne4 Qe6 40. Qxe6 Rxe6
41. Rc1 Rb6 42. a4 a6 43. Rc5 Re6 44. Rg5+ Kh6 45. Rd5 axb5 46. axb5 Re7 47.
Rd6+ Kh7 48. Kh3 Be5 49. Ng5+ Kg7 50. Re6 1-0

[Event "74th Noteboom Open 2014"]
[Site "Leiden NED"]
[Date "2014.02.28"]
[Round "1.22"]
[White "Stewart, Neil"]
[Black "Schelvis, Richard"]
[Result "1-0"]
[WhiteTitle "FM"]
[WhiteElo "2263"]
[BlackElo "1965"]
[WhiteFideId "4636988"]
[BlackFideId "1039261"]
[EventDate "2014.02.28"]

1. Nf3 d5 2. c4 e6 3. g3 Nf6 4. Bg2 Be7 5. O-O O-O 6. b3 b6 7. Bb2 Bb7 8. e3
Nbd7 9. Nc3 Nc5 10. Ne5 c6 11. Rc1 Rc8 12. Qe2 Nfd7 13. Nxd7 Nxd7 14. Rfd1 Nf6
15. d4 Qd7 16. e4 dxe4 17. Nxe4 Rfd8 18. Nxf6+ Bxf6 19. Be4 Qe7 20. Qf3 Rc7 21.
c5 bxc5 22. Rxc5 e5 23. dxe5 Qxc5 24. exf6 Rcc8 25. fxg7 Rxd1+ 26. Qxd1 Re8 27.
b4 Qg5 28. h4 Qh6 29. Qc2 Bc8 30. Kh2 Be6 31. Bxc6 Rd8 32. Be4 Rd2 33. Bxh7+
Qxh7 34. Qxd2 1-0

[Event "74th Noteboom Open 2014"]
[Site "Leiden NED"]
[Date "2014.02.28"]
[Round "1.27"]
[White "Van Helvoort, Rob"]
[Black "Bijlsma, Nick"]
[Result "0-1"]
[WhiteElo "2151"]
[BlackElo "2199"]
[WhiteFideId "1005596"]
[BlackFideId "1007041"]
[EventDate "2014.02.28"]

1. e4 c5 2. c3 Nf6 3. e5 Nd5 4. d4 cxd4 5. cxd4 d6 6. Bc4 Nb6 7. Bb5+ Bd7 8. e6
fxe6 9. Bd3 Bc6 10. Qh5+ Kd7 11. Ne2 Na6 12. Bd2 Nc7 13. O-O Qe8 14. Qh3 g5 15.
f4 gxf4 16. Nxf4 Bg7 17. Bc3 Nbd5 18. Nd2 Qg8 19. Rae1 Rf8 20. Nxd5 Bxd5 21. Bc4
Rxf1+ 22. Rxf1 Bxc4 23. Nxc4 Bf6 24. Ne3 d5 25. a4 Qg7 26. Rd1 Rf8 27. Ng4 Rg8
28. Ne5+ Bxe5 29. dxe5 Qg4 30. Qxg4 Rxg4 31. Rd4 Rg7 32. Rf4 b5 33. a5 Kc6 34.
Bd4 Kb7 35. Rh4 Na6 36. Rh6 Rg4 37. Bc3 d4 38. Bd2 Nc5 39. Rxh7 Kc6 40. Rxe7 Nb3
41. Be1 Re4 42. Rxe6+ Kd5 43. Rd6+ Kc4 44. Rc6+ Kd3 45. Bf2 Nxa5 46. Ra6 Nc4 47.
b3 Nxe5 0-1

[Event "74th Noteboom Open 2014"]
[Site "Leiden NED"]
[Date "2014.02.28"]
[Round "1.45"]
[White "Ratsma, Rosa"]
[Black "Bakker, Martijn"]
[Result "1-0"]
[WhiteElo "1899"]
[BlackElo "1839"]
[WhiteFideId "1033662"]
[BlackFideId "1049348"]
[EventDate "2014.02.28"]

1. e4 c5 2. Nf3 e6 3. d4 cxd4 4. Nxd4 Nf6 5. Nc3 Bb4 6. Bd3 Nc6 7. Nxc6 dxc6 8.
O-O Bxc3 9. bxc3 Bd7 10. Rb1 b6 11. Bg5 Qc7 12. f4 c5 13. Qe2 Bc6 14. c4 Ng8 15.
Qg4 Qd7 16. Rbd1 f6 17. Bh4 Nh6 18. Qe2 O-O-O 19. e5 Qf7 20. Be4 Bxe4 21. Qxe4
Kc7 22. Rxd8 Rxd8 23. Qxh7 Qd7 24. exf6 Qd4+ 25. Kh1 Qxc4 26. Re1 1-0

[Event "74th Noteboom Open 2014"]
[Site "Leiden NED"]
[Date "2014.03.01"]
[Round "2.2"]
[White "Bijlsma, Nick"]
[Black "Van Den Doel, Erik"]
[Result "0-1"]
[BlackTitle "GM"]
[WhiteElo "2199"]
[BlackElo "2573"]
[WhiteFideId "1007041"]
[BlackFideId "1003720"]
[EventDate "2014.02.28"]

1. e4 e5 2. Nf3 Nc6 3. Bb5 a6 4. Ba4 Nf6 5. Qe2 Be7 6. c3 b5 7. Bb3 d6 8. O-O
O-O 9. Rd1 Na5 10. Bc2 c5 11. d4 Qc7 12. d5 Bd7 13. b3 g6 14. Bh6 Rfe8 15. h3
Nh5 16. Qe3 Nb7 17. Nbd2 Nd8 18. g4 Ng7 19. a4 Rb8 20. Nf1 f6 21. Qe2 Nf7 22.
Bd2 f5 23. N3h2 fxg4 24. hxg4 Bg5 25. Bxg5 Nxg5 26. Kg2 Rf8 27. Ng3 Rf4 28. axb5
axb5 29. Ra6 Rbf8 30. Rf1 Nf3 31. Rc6 Bxc6 32. Nxf3 Rxf3 33. dxc6 Qxc6 34. Bd3
Ne6 0-1

[Event "74th Noteboom Open 2014"]
[Site "Leiden NED"]
[Date "2014.03.01"]
[Round "2.3"]
[White "Andersson, Ulf"]
[Black "Stewart, Neil"]
[Result "1-0"]
[WhiteTitle "GM"]
[BlackTitle "FM"]
[WhiteElo "2544"]
[BlackElo "2263"]
[WhiteFideId "1700014"]
[BlackFideId "4636988"]
[EventDate "2014.02.28"]

1. Nf3 d5 2. d4 Nf6 3. c4 c6 4. cxd5 cxd5 5. Nc3 Nc6 6. Bf4 a6 7. Rc1 Bf5 8. e3
Rc8 9. Bd3 Bxd3 10. Qxd3 e6 11. O-O Bd6 12. Bxd6 Qxd6 13. Na4 O-O 14. Nc5 Qe7
15. Qe2 Rfd8 16. h3 Ne4 17. a3 Nxc5 18. Rxc5 e5 19. Nxe5 Nxe5 20. Rxc8 Rxc8 21.
dxe5 Qxe5 22. Rd1 g6 23. Qd2 Qe4 24. b4 Rd8 25. Qc3 Qf5 26. Qd4 Qc2 27. e4 Re8
28. exd5 Re2 29. Rf1 Rd2 30. Qe5 b5 31. Qe8+ Kg7 32. Qe5+ Kg8 33. Qd6 Qd3 34.
Qxa6 Qxd5 35. Qc8+ Kg7 36. Qc3+ Kg8 37. Re1 Rd1 38. Rxd1 Qxd1+ 39. Kh2 h5 40.
Qe5 Qd3 41. Qe8+ Kg7 42. Qe5+ Kg8 43. Qg3 Qc4 44. Qd6 h4 45. Qe5 Kf8 46. f4 Kg8
47. Qg5 Qd3 48. Qxh4 Qxa3 49. f5 Qd3 50. fxg6 fxg6 51. Qg3 Qf5 52. Qd6 Kg7 53.
Qd4+ Kg8 54. Kg3 g5 55. h4 gxh4+ 56. Kxh4 Qh7+ 57. Kg3 Qc7+ 58. Kf3 Qc6+ 59. Qe4
Qc3+ 60. Kg4 Qd2 61. g3 Qd1+ 62. Kg5 Qd2+ 63. Kh5 Qh2+ 64. Kg4 Qd2 65. Qe8+ Kg7
66. Qxb5 Qd1+ 67. Kf4 Qd4+ 68. Kf3 Qd1+ 69. Ke3 Qe1+ 70. Kd4 Qf2+ 71. Kd5 Qxg3
72. Qd7+ Kg8 73. Qe6+ Kh7 74. Qe4+ Kg8 75. b5 Qb3+ 76. Qc4 Qf3+ 77. Kc5+ Kf8 78.
Qd4 Qf5+ 79. Qd5 Qf2+ 80. Kc6 Ke8 81. Qd7+ Kf8 82. Qd6+ Ke8 83. b6 Qf3+ 84. Qd5
Qc3+ 85. Kb7 Qa3 86. Qc6+ Kd8 87. Qc7+ Ke8 88. Kb8 Qa6 89. Qc8+ 1-0

[Event "74th Noteboom Open 2014"]
[Site "Leiden NED"]
[Date "2014.03.01"]
[Round "2.4"]
[White "Van Der Werf, Mark"]
[Black "Groffen, Hans"]
[Result "0-1"]
[WhiteTitle "IM"]
[WhiteElo "2426"]
[BlackElo "2166"]
[WhiteFideId "1000470"]
[BlackFideId "1004140"]
[EventDate "2014.02.28"]

1. c4 e5 2. Nc3 Nc6 3. Nf3 f5 4. d4 e4 5. Ne5 d6 6. Nxc6 bxc6 7. f3 Qe7 8. e3
Nf6 9. Qa4 Bd7 10. Be2 g6 11. fxe4 fxe4 12. O-O Bg7 13. Qa5 Bf5 14. d5 c5 15.
Nb5 Rc8 16. Nxa7 Ra8 17. Qb5+ Nd7 18. Nc6 Qg5 19. Bd2 O-O 20. Kh1 Ne5 21. Bc3
Nxc6 22. Qxc6 Bxc3 23. bxc3 Qxe3 24. Rfe1 Qxc3 25. a4 Ra7 26. Rf1 Qb2 27. Rae1
Rd8 28. Qb5 Qd2 29. g4 Bd7 30. Qb1 Re8 31. Bd1 e3 32. Bc2 e2 33. Rf2 Rb7 34. Qa1
Rb2 35. Bd3 Bxg4 36. a5 Qe3 37. Rg2 Bf3 38. Qxb2 Qf2 0-1

[Event "74th Noteboom Open 2014"]
[Site "Leiden NED"]
[Date "2014.03.01"]
[Round "2.5"]
[White "Van Ketel, Raoul"]
[Black "Miedema, David"]
[Result "1-0"]
[WhiteTitle "FM"]
[BlackTitle "IM"]
[WhiteElo "2254"]
[BlackElo "2389"]
[WhiteFideId "1004883"]
[BlackFideId "1018477"]
[EventDate "2014.02.28"]

1. d4 Nf6 2. c4 g6 3. Nc3 Bg7 4. e4 d6 5. f4 O-O 6. Nf3 c5 7. d5 e6 8. Be2 exd5
9. cxd5 Re8 10. Nd2 Na6 11. O-O Rb8 12. Kh1 c4 13. a4 Nc5 14. e5 dxe5 15. Nxc4
e4 16. Be3 b6 17. Ne5 Qd6 18. Nb5 Qxd5 19. Bc4 Qxd1 20. Bxf7+ Kf8 21. Raxd1 Bg4
22. Nxg4 Nxg4 23. Bxc5+ Kxf7 24. Nd6+ Kg8 25. Nxe8 Bxb2 26. Bd4 Bxd4 27. Rxd4
Rxe8 28. h3 Nf6 29. g4 e3 30. Kg2 e2 31. Re1 Re3 32. Rd2 Re4 33. Kf3 Rxa4 34.
Rexe2 h6 35. Re7 Ra3+ 36. Ke2 Kf8 37. Rb7 Ke8 38. Rd6 1-0

[Event "74th Noteboom Open 2014"]
[Site "Leiden NED"]
[Date "2014.03.01"]
[Round "2.6"]
[White "Kipper, Jens"]
[Black "Oudewaal, Vincent"]
[Result "1-0"]
[WhiteElo "2389"]
[BlackElo "2041"]
[WhiteFideId "4632796"]
[BlackFideId "1033301"]
[EventDate "2014.02.28"]

1. Nf3 f5 2. d3 Nf6 3. e4 d6 4. Nc3 e5 5. exf5 Bxf5 6. d4 e4 7. Nh4 Qd7 8. f3
Be7 9. Bg5 d5 10. Qd2 Nc6 11. O-O-O h6 12. Nxf5 Qxf5 13. Be3 O-O 14. g4 Qxf3 15.
Be2 Qh3 16. Rdg1 Rad8 17. Rg3 Qh4 18. g5 hxg5 19. Bxg5 e3 20. Bxe3 Bd6 21. Rg6
Ne7 22. Rg5 Ne4 23. Nxe4 Qxe4 24. Rhg1 Nf5 25. Bd3 Qxe3 26. Qxe3 1-0

[Event "74th Noteboom Open 2014"]
[Site "Leiden NED"]
[Date "2014.03.01"]
[Round "2.8"]
[White "Haast, Anne"]
[Black "Ratsma, Rosa"]
[Result "1-0"]
[WhiteTitle "WIM"]
[WhiteElo "2310"]
[BlackElo "1899"]
[WhiteFideId "1017292"]
[BlackFideId "1033662"]
[EventDate "2014.02.28"]

1. e4 c5 2. Nf3 d6 3. d4 cxd4 4. Nxd4 Nf6 5. Nc3 a6 6. Be3 e5 7. Nb3 Be6 8. f3
Nbd7 9. g4 b5 10. g5 Nh5 11. Qd2 Nb6 12. Nd5 Bxd5 13. exd5 Rc8 14. Na5 Nf4 15.
Bxf4 exf4 16. O-O-O Qxg5 17. h4 Qf6 18. Nc6 Be7 19. Re1 Rxc6 20. dxc6 O-O 21.
Bd3 d5 22. Rhg1 Bc5 23. Rg5 Be3 24. Rxe3 fxe3 25. Qxe3 Nc4 26. Bxc4 dxc4 27. c7
h6 28. Rc5 Rc8 29. Qe4 Qd6 30. Qb7 Qd7 31. Qxa6 Rxc7 32. Qxb5 Rxc5 1-0

[Event "74th Noteboom Open 2014"]
[Site "Leiden NED"]
[Date "2014.03.01"]
[Round "2.10"]
[White "Vereggen, Lars"]
[Black "Van Orsouw, Theo"]
[Result "1-0"]
[WhiteElo "2173"]
[BlackElo "1909"]
[WhiteFideId "1029258"]
[BlackFideId "1047051"]
[EventDate "2014.02.28"]

1. d4 Nf6 2. c4 c5 3. Nf3 cxd4 4. Nxd4 e5 5. Nc2 d5 6. cxd5 Qxd5 7. Bd2 Bc5 8.
Nc3 Qd6 9. Bg5 Qxd1+ 10. Rxd1 Be6 11. Bxf6 gxf6 12. Nd5 Bxd5 13. Rxd5 Bb6 14. e4
Nc6 15. Bb5 Ke7 16. Ke2 Rad8 17. Rhd1 Nd4+ 18. Nxd4 Bxd4 19. Bc4 Bxb2 20. Rb1
Rc8 21. Bd3 Bd4 22. Rxb7+ Ke6 23. Rbd7 Rc6 24. Bc4 1-0

[Event "74th Noteboom Open 2014"]
[Site "Leiden NED"]
[Date "2014.03.01"]
[Round "2.11"]
[White "Hachijan, Armen"]
[Black "Friesen, Boris"]
[Result "1-0"]
[WhiteElo "2245"]
[BlackElo "2076"]
[WhiteFideId "1028081"]
[BlackFideId "1008242"]
[EventDate "2014.02.28"]

1. d4 Nf6 2. Bg5 Ne4 3. Bf4 d5 4. Nd2 Bf5 5. e3 e6 6. Ngf3 Nd7 7. Nxe4 Bxe4 8.
Be2 Be7 9. O-O O-O 10. c4 dxc4 11. Nd2 Bd3 12. Nxc4 Bxe2 13. Qxe2 c6 14. b4 Nf6
15. a3 Qd5 16. h3 Ne4 17. Rfc1 Rac8 18. Rab1 f6 19. Bh2 b6 20. Kh1 Rfd8 21. Rc2
Qf5 22. Rbc1 h5 23. f3 Ng5 24. Nd2 Qd5 25. Qc4 Qd7 26. Qe2 Nf7 27. Qf2 g6 28.
Ne4 Kg7 29. Nc3 c5 30. dxc5 bxc5 31. b5 Qb7 32. a4 a6 33. Qe2 axb5 34. Nxb5 Ra8
35. Nc7 1-0

[Event "74th Noteboom Open 2014"]
[Site "Leiden NED"]
[Date "2014.03.01"]
[Round "2.14"]
[White "Van der Togt, Twan"]
[Black "Repplinger, Marc"]
[Result "1/2-1/2"]
[WhiteElo "1967"]
[BlackElo "2244"]
[WhiteFideId "1043471"]
[BlackFideId "4651120"]
[EventDate "2014.02.28"]

1. e4 e6 2. d4 d5 3. Nd2 Nf6 4. e5 Nfd7 5. Bd3 c5 6. c3 Nc6 7. Ne2 cxd4 8. cxd4
f6 9. exf6 Nxf6 10. Nf3 Bd6 11. O-O Qc7 12. Bg5 O-O 13. Bh4 Nh5 14. Qc2 h6 15.
Bg6 Rxf3 16. gxf3 Bxh2+ 17. Kh1 Nf4 18. Ng3 Qd6 19. Rad1 e5 20. Bh7+ Kh8 21.
dxe5 Nxe5 22. Bf5 Bxf5 23. Nxf5 Qg6 24. Rg1 Qh5 25. Kxh2 Nxf3+ 26. Kg3 Nxg1 27.
Rxg1 Ne2+ 28. Kh2 Nxg1 29. Kxg1 Re8 30. Ne7 Qg4+ 31. Kf1 Qh3+ 32. Kg1 Qg4+ 33.
Kf1 Qd7 34. Qd3 Rxe7 35. Bxe7 Qxe7 36. Qxd5 a6 37. a3 Qc7 38. Qd2 Qc4+ 39. Kg2
Qg4+ 40. Kf1 Qe4 41. Qc3 Kh7 42. b4 h5 43. a4 h4 44. a5 Qh1+ 45. Ke2 Qe4+ 46.
Kf1 Qg4 47. Qc2+ Kh6 48. Qd2+ Qg5 49. Qd6+ Qf6 50. Qd3 Qf4 51. Qc3 Qe4 52. Qd2+
Kh7 53. Qc3 Qf5 54. Kg2 Qg4+ 55. Kh2 Qf4+ 56. Kg2 Kh6 57. Qe1 Qg4+ 58. Kh2 Qf5
59. Qe3+ Qg5 60. Qb6+ Qf6 1/2-1/2

[Event "74th Noteboom Open 2014"]
[Site "Leiden NED"]
[Date "2014.03.01"]
[Round "2.23"]
[White "Schroer, Marcel"]
[Black "Becx, Cesar"]
[Result "1-0"]
[BlackTitle "FM"]
[WhiteElo "2172"]
[BlackElo "2227"]
[WhiteFideId "1012908"]
[BlackFideId "1001183"]
[EventDate "2014.02.28"]

1. c4 f5 2. g3 Nf6 3. Bg2 d6 4. Nc3 g6 5. d4 Bg7 6. Nf3 O-O 7. O-O Nc6 8. d5 Na5
9. Qa4 c5 10. dxc6 bxc6 11. c5 dxc5 12. Bf4 Nd5 13. Be5 e6 14. e4 Bxe5 15. Nxe5
Nxc3 16. bxc3 f4 17. Rfd1 Qc7 18. Nc4 Nxc4 19. Qxc4 Qe5 20. Rab1 h5 21. Qd3 f3
22. Bxf3 Qf6 23. Bg2 Qxf2+ 24. Kh1 Qxa2 25. e5 Rf5 26. Qd8+ Rf8 27. Qg5 Qc2 28.
Rdc1 Qd3 29. Re1 Ba6 30. Be4 Rf1+ 31. Kg2 Qd2+ 32. Qxd2 1-0

[Event "74th Noteboom Open 2014"]
[Site "Leiden NED"]
[Date "2014.03.01"]
[Round "2.24"]
[White "Braggaar, Leonore"]
[Black "Pijpers, Arthur"]
[Result "0-1"]
[WhiteElo "2059"]
[BlackElo "2348"]
[WhiteFideId "1017284"]
[BlackFideId "1019554"]
[EventDate "2014.02.28"]

1. e4 c5 2. Nf3 d6 3. d4 Nf6 4. Nc3 cxd4 5. Nxd4 g6 6. Be3 Bg7 7. f3 Nc6 8. Qd2
O-O 9. Bc4 Bd7 10. O-O-O Rc8 11. Bb3 Ne5 12. Kb1 a6 13. Bh6 Bxh6 14. Qxh6 Rxc3
15. bxc3 a5 16. Ka1 a4 17. Rhe1 Qa5 18. Qd2 axb3 19. cxb3 Ra8 20. Re3 Nc6 21.
Ne2 Be6 22. Qb2 Qg5 23. f4 Qxg2 24. Nd4 Qxb2+ 25. Kxb2 Nxd4 26. Rxd4 Rc8 27. c4
Rc5 28. a4 Rh5 29. Re2 Rh4 30. e5 Ne8 31. Kc3 Rh3+ 32. Kb4 Nc7 33. exd6 exd6 34.
Rb2 d5 35. c5 Bd7 36. Rc2 Bc6 37. Rdd2 Kg7 38. Ka3 Kf6 39. Kb2 Ne6 40. Rf2 Kf5
41. Rce2 Nxc5 42. Re5+ Kf6 0-1

[Event "74th Noteboom Open 2014"]
[Site "Leiden NED"]
[Date "2014.03.01"]
[Round "2.25"]
[White "Stork, Ornett"]
[Black "Galje, Hans"]
[Result "1-0"]
[WhiteElo "2121"]
[BlackElo "2123"]
[WhiteFideId "1010719"]
[BlackFideId "1003240"]
[EventDate "2014.02.28"]

1. b3 e5 2. Bb2 Nc6 3. e3 d5 4. Bb5 Bd6 5. Nf3 Qe7 6. c4 Nf6 7. c5 Bxc5 8. Nxe5
Bd7 9. Nxd7 Nxd7 10. Nc3 Nf6 11. Rc1 O-O 12. Na4 Bd6 13. Bxc6 bxc6 14. Rxc6 Ne4
15. d3 Bb4+ 16. Kf1 Ng5 17. h4 Ne6 18. Rh3 Rae8 19. Qh5 d4 20. Rf3 Bd6 21. g3
Qd7 22. Qd5 Nd8 23. Rc4 Qh3+ 24. Kg1 dxe3 25. fxe3 Bxg3 26. Rc2 Re6 27. h5 Rh6
28. Rg2 Rxh5 29. Rfxg3 1-0